| 000 | 00490nam a22001817a 4500 | ||
|---|---|---|---|
| 003 | CEME | ||
| 005 | 20210628210553.0 | ||
| 008 | 210201b xxu||||| |||| 00| 0 eng d | ||
| 020 | _a81-7304-148-2 | ||
| 040 | _c. | ||
| 082 | _a297 JAM | ||
| 100 |
_aJamal Malik _979993 |
||
| 245 | _aColonialization of islam,dissolution of traditional institutuion in pakistan | ||
| 260 |
_aNEW DELHI _bMANOHAR _c1998 |
||
| 300 | _a360P | ||
| 650 |
_aCOLONIALIZATION OF ISLAM _979994 |
||
| 942 |
_cBK _2ddc |
||
| 999 |
_c584973 _d584973 |
||